000 01061cam a2200313 a 4500
005 20260322212031.0
008 data
010 _a 95077571
020 _a0836204255 (pbk.)
020 _a0836204263 (hard)
020 _a9780836204254 (pbk.)
020 _a9780836204261 (hard)
040 _aMB
_cMB
_dDLC
_dTNJ
_dDLC
042 _alccopycat
043 _an-us---
050 0 4 _aNC1429.L32
_bA4 1995
082 0 0 _a741.5/973
_220
099 _aLARSOG
100 1 _aLarson, Gary.
240 1 0 _aFar side.
_kSelections
245 1 4 _aThe far side gallery 5 /
_cGary Larson.
260 _aKansas city :
_bAndrews and McMeel,
_cc1995.
300 _a159 p. :
_bchiefly ill. (some col.) ;
_c28 cm.
500 _a"Cartoons from cows of our planet, The chickens are restless and the curse of madame "C""--p. [4] of cover.
650 0 _aAmerican wit and humor, Pictorial.
650 0 _aCaricatures and cartoons
_zUnited States
_xHistory
_y20th century.
856 4 2 _3Publisher description
_uhttp://www.loc.gov/catdir/enhancements/fy0726/95077571-d.html
001 data
999 _c726
_d726